Statistiques concernant 1 joueur 1 pays édition monde

Cliquez ici pour prendre le quiz!

Statistiques générales

  • Ce quiz a été pris 148 fois
  • Le résultat moyen est 13 sur 15

Statistiques - réponses

HintRéponse% Correct
MessiArgentine
99%
NeymarBresil
99%
SalahEgypte
98%
HakimiMaroc
98%
MharezAlgérie
97%
SonCorée du Sud
97%
ZinchenkoUkraine
91%
DaviesCanada
88%
MitomaJapon
87%
Javier Hernández (chicharito)Mexique
87%
OsimhenNigeria
87%
VidalChili
85%
KvaratskheliaGeorgie
77%
CaceidoEquateur
63%
TaremiIran
63%

Distribution des résultats

Percentile par nombre de réponses

% des personnes avec chaque résultat

Votre développement - résultats

Vous n’avez pas pris ce quiz